Law of wills: (Record no. 27303)

MARC details
000 -LEADER
fixed length control field 01150nam a22002657a 4500
005 - DATE AND TIME OF LATEST TRANSACTION
control field 20090606151940.0
008 - FIXED-LENGTH DATA ELEMENTS--GENERAL INFORMATION
fixed length control field 090606t xxu||||| |||| 00| 0 eng d
010 ## - LCCN (DPL NO)
LC control number ENG-93935
020 ## - INTERNATIONAL STANDARD BOOK NUMBER
International Standard Book Number 9788175347403
Terms of availability 1395.00
035 ## - SYSTEM CONTROL NUMBER
System control number EN-77468
037 ## - SOURCE OF ACQUISITION
Source of stock number/acquisition DBAD / PUB
040 ## - CATALOGING SOURCE
Original cataloging agency dpl
Language of cataloging English
082 ## - DEWEY DECIMAL CLASSIFICATION NUMBER
Classification number 346.54054
100 ## - MAIN ENTRY--PERSONAL NAME
Personal name Gopalakrishnan
245 ## - TITLE STATEMENT
Title Law of wills:
Remainder of title dealing with wills of all communities including exhaustive case law alongwith model forms of wills and relevant statutes /
Statement of responsibility, etc by Gopalakrishnan; thoroughly revised by Hari Dev Kohli
246 ## - VARYING FORM OF TITLE
Title proper/short title Gopalakrishnnan's law of wills
250 ## - EDITION STATEMENT
Edition statement 7th ed.
260 ## - PUBLICATION, DISTRIBUTION, ETC. (IMPRINT)
Place of publication, distribution, etc Delhi
Name of publisher, distributor, etc Universal Law Publishing
Date of publication, distribution, etc 2009
270 ## - ADDRESS
Address C-FF-1A, Dilkhush Industral Estate, (Opp. Hans Cinema, Azadpur) G.T. Karnal Road,
City Delhi
Postal code 110033
300 ## - PHYSICAL DESCRIPTION
Extent clxxix, 1380p.
Dimensions 23cm(Hb)
Accompanying material CD-ROM
500 ## - GENERAL NOTE
General note Includes index
650 ## - SUBJECT ADDED ENTRY--TOPICAL TERM
Topical term or geographic name as entry element Wills
Geographic subdivision India
942 ## - ADDED ENTRY ELEMENTS (KOHA)
Source of classification or shelving scheme Dewey Decimal Classification
Item type English Books
Call number suffix GOP
Classification part 346.54054
Holdings
Withdrawn status Lost status Source of classification or shelving scheme Damaged status Not for loan Collection code Home library Current library Date acquired Source of acquisition Cost, normal purchase price Total Checkouts Full call number Barcode Date last seen Copy number Cost, replacement price Koha item type
    Dewey Decimal Classification   Not For Loan Non-fiction D.B.Act.Division D.B.Act.Division 06/06/2009 DBAD / PUB 1395.00   346.54054 GOP EN-77468 06/06/2009 1 1395.00 English Books

© Delhi Public Library
Hit Counter
free hit counter